000 00677nam a2200265Ia 4500
005 20260121171924.0
008 008 260114s9999 xx 000 0 eng d
020 _a9783030416751
037 _aEBOOK
040 _aCRL
040 _beng
040 _cCRL
041 _2eng
041 _aeng
084 _qCRL
100 _aTore S. Kristiansen, Anders Fernö, Michail A. Pavlidis, Hans van de Vis
_91082106
245 4 _aThe Welfare of Fish
260 _bSpringer
260 _bSpringer
260 _c2020
856 _uhttps://link.springer.com/openurl?genre=book&isbn=978-3-030-41675-1
942 _cEBOOK
999 _c1647839
_d1647839